| 000 | 01000nas a2200373 4500 | ||
|---|---|---|---|
| 001 | BR0500840 | ||
| 003 | BR-BrBNA | ||
| 005 | 20231205105207.0 | ||
| 007 | ta | ||
| 008 | 230509b bl.|||p| |||| 00| 00por d | ||
| 040 |
_aBR-BrBNA _bpor _cBiblioteca Nacional de Agricultura |
||
| 041 | _a(Pt) | ||
| 072 | _aF61; H50 | ||
| 100 | 1 | _aLeite, U.T. | |
| 100 | 1 | _aAquino, B.F. de | |
| 100 | 1 | _aRocha, R.N.C. | |
| 100 | 1 | _aSilva, J. da | |
| 245 | 1 | _aNíveis críticos foliares de boro, cobre, manganês e zinco em milho | |
| 650 | _aMILHO | ||
| 650 | _aESTUFA | ||
| 650 | _aBORO | ||
| 650 | _aCOBRE | ||
| 650 | _aMANGANÊS | ||
| 650 | _aZINCO | ||
| 650 | _aABSORÇÃO DE NUTRIENTES | ||
| 650 | _aTOXIDEZ | ||
| 650 | _aMATÉRIA SECA | ||
| 650 | _aPARTE AÉREA | ||
| 650 | _aFOLHA | ||
| 650 | _aCEARÁ | ||
| 773 | 0 |
_tBioscience Journal (Brazil) _xISSN 1516-3725 _g(May-Aug 2003), v. 19(2) p. 115-125 _wBR0500840 |
|
| 909 |
_a202311 _bLúcia _c55 _dLúcia Elande |
||
| 942 |
_2AGRIS _n0 _cANA |
||
| 999 |
_c181701 _d181701 |
||